Zkoušeli jsme všechno! : respektující a klidné výchovné postupy /
Autorka vás na konkrétních situacích seznámí s myšlenkovými pochody a reakcemi dětského mozku.
Uloženo v:
| Hlavní autor: | |
|---|---|
| Další autoři: | , |
| Médium: | E-kniha |
| Jazyk: | Czech |
| Vydáno: |
Brno :
CPress,
2015
|
| Vydání: | 1. vydání |
| Témata: | |
| Tagy: |
Žádné tagy |
| LEADER | 02786cam a2200637 i 4500 | ||
|---|---|---|---|
| 001 | 304998 | ||
| 003 | CZ PrSKC | ||
| 005 | 20260531063330.0 | ||
| 007 | ta | ||
| 008 | 150206s2015 xr a e f 001 0 cze d | ||
| 015 | |a cnb002660553 | ||
| 020 | |a 9788026406372 |q (brožováno) : |c Kč 249,00 | ||
| 035 | |a (OCoLC)918007550 | ||
| 040 | |a KLG001 |b cze |d BOA001 |e rda | ||
| 041 | 1 | |a cze |h fre | |
| 072 | 7 | |a 37 |x Výchova a vzdělávání |2 Konspekt | |
| 080 | |a 316.362.1-055.52-055.62 |2 MRF | ||
| 080 | |a 316.346.32-053.4 |2 MRF | ||
| 080 | |a 159.922.7 |2 MRF | ||
| 080 | |a 37.03-053.2 |2 MRF | ||
| 080 | |a 316.772.4:37 |2 MRF | ||
| 080 | |a (0.062) |2 MRF | ||
| 100 | 1 | |a Filliozat, Isabelle, |d 1957- |7 hka2011629248 |4 aut | |
| 240 | 1 | 0 | |a J'ai tout essayé!. |l Česky |
| 245 | 1 | 0 | |a Zkoušeli jsme všechno! : |b respektující a klidné výchovné postupy / |c Isabelle Filliozat ; ilustrovala Anouk Dubois ; překlad Ester Kukrálová |
| 250 | |a 1. vydání | ||
| 264 | 1 | |a Brno : |b CPress, |c 2015 | |
| 300 | |a 139 stran : |b ilustrace ; |c 23 cm | ||
| 336 | |a text |b txt |2 rdacontent | ||
| 337 | |a bez média |b n |2 rdamedia | ||
| 338 | |a svazek |b nc |2 rdacarrier | ||
| 500 | |a Přeloženo z francouzštiny | ||
| 500 | |a Obsahuje rejstřík | ||
| 500 | |a Dotisk 1. vydání v roce 2015 | ||
| 520 | 2 | |a Autorka vás na konkrétních situacích seznámí s myšlenkovými pochody a reakcemi dětského mozku. | |
| 520 | 2 | |a Její poznatky vycházejí z nedávných objevů neurofyziologie a experimentální psychologie a její rady umožňují lepší pochopení reakcí dítěte v různém věku. Nakladatelská anotace. Kráceno. | |
| 650 | 0 | 7 | |a rodiče a děti |7 ph116053 |2 czenas |
| 650 | 0 | 7 | |a děti předškolního věku |7 ph119710 |2 czenas |
| 650 | 0 | 7 | |a psychologie dítěte |7 ph117256 |2 czenas |
| 650 | 0 | 7 | |a výchova dítěte |7 ph127420 |2 czenas |
| 650 | 0 | 7 | |a pedagogická komunikace |7 ph115702 |2 czenas |
| 650 | 0 | 9 | |a parents and children |2 eczenas |
| 650 | 0 | 9 | |a preschool children |2 eczenas |
| 650 | 0 | 9 | |a child psychology |2 eczenas |
| 650 | 0 | 9 | |a child rearing |2 eczenas |
| 650 | 0 | 9 | |a communication in learning and scholarship |2 eczenas |
| 655 | 7 | |a populárně-naučné publikace |7 fd131864 |2 czenas | |
| 655 | 9 | |a popular works |2 eczenas | |
| 700 | 1 | |a Dubois, Anouk |7 xx0192739 |4 ill | |
| 700 | 1 | |a Kukrálová, Ester |4 trl | |
| 900 | |a ABA001 |b 20 | ||
| 928 | 9 | |a Albatros Media - CPress | |
| 044 | |a xr | ||
| 910 | |a RBIT002 | ||
| 998 | |d 169928 |a https://core.palmknihy.cz/api/books/169928/cover?tfv9rh |b https://core.palmknihy.cz/api/books/169928/cover/400?tfv9rh |c https://core.palmknihy.cz/api/books/169928/cover/50?tfv9rh |e 2029-09-18 |g 140 |i 9788026406372 |k https://core.palmknihy.cz/api/books/169928/preview.pdf |l |q 49 |r 1 |s https://www.palmknihy.cz/kniha/169928 |t ebook |y 2015 |z 0 | ||
| 999 | |d 304996 | ||